skbl

Dr Suryya Kumar Bhuyan Library Web-OPAC
ডঃ সূৰ্য্য
কুমাৰ ভূঞা পুথিভঁৰাল ৱেব-অ'পেক

All Research Scholars are advised to clear the annual library fees to continue using Library Resources, Remote Access, Plagiarism Test and Library Clearance.

Cotton University Book Fair 2026

The Political Unconnscious (Record no. 58550)

MARC details
000 -LEADER
fixed length control field 00446nam a2200169Ia 4500
001 - CONTROL NUMBER
control field 58662
008 - FIXED-LENGTH DATA ELEMENTS--GENERAL INFORMATION
fixed length control field 150604n ii |||gr||||Z||||||465
020 ## - INTERNATIONAL STANDARD BOOK NUMBER
International Standard Book Number 978-0-415-28751-7
082 ## - DEWEY DECIMAL CLASSIFICATION NUMBER
Classification number 801.95
100 ## - MAIN ENTRY--PERSONAL NAME
Personal name Jameson,
Relator term Fredric .,
245 #0 - TITLE STATEMENT
Title The Political Unconnscious
Statement of responsibility, etc. Fredric Jameson
Medium Textual Documents
260 ## - PUBLICATION, DISTRIBUTION, ETC.
Place of publication, distribution, etc. New York:
Name of publisher, distributor, etc. Routledge.
300 ## - PHYSICAL DESCRIPTION
Extent 296p:
Dimensions 22cm.
653 ## - INDEX TERM--UNCONTROLLED
Uncontrolled term Literature
653 ## - INDEX TERM--UNCONTROLLED
Uncontrolled term G - Literature
942 ## - ADDED ENTRY ELEMENTS (KOHA)
Source of classification or shelving scheme Dewey Decimal Classification
Koha item type Books
Holdings
Withdrawn status Lost status Damaged status Not for loan Collection Home library Current library Shelving location Date acquired Source of acquisition Coded location qualifier Total checkouts Full call number Barcode Date last seen Copy number Price effective from Koha item type Public note
          Dr. Suryya Kumar Bhuyan Library Dr. Suryya Kumar Bhuyan Library   04/06/2015 34 00000   801.95 Ja238Po 1114p 14/01/2024 1 04/06/2015 Books 34

Designed and Maintained by Team SKBL
©1901-2026

Powered by Koha